000
00275nam a22001217a 4500
008
181015b xxu||||| |||| 00| 0 eng d
041
_a
eng
080
_2
5th
_a
510
100
_a
38
101
_a
MAT
245
_a
Beginning & Intermediate Algebra
_c
Gay,E.M
942
_2
udc
_c
BK
999
_c
49671
_d
49671